000 00723nam a2200229 a 4500
001 BRCA_7131
005 20190320205725.0
008 110112s1905----u--a######---#000-0#eng-#
041 _aeng
044 _au
050 4 _aPZ3.N524
_bHo 1905
100 1 _aNicholson, Meredith
_d1866-1947
_917714
245 1 0 _aThe house of thousand candles
_cby Meredith Nicholson; ill. by Howard Chandler Christy.
260 _aIndianapolis, Indiana
_bBobbs-Merrill
_cc1905
300 _a382 p.
_bil. (algunas a color)
_c20 cm.
500 _aEstado físico: encuadernaciòn desprendida
500 _aP11
650 1 4 _aLiteratura esdounidense
_917715
700 1 _aChristy, Howard Chandler
_eil.
_917716
902 _aGFM
942 _2lcc
_cB
999 _c6812
_d6812